Chaîne de mots - Pays - Statistiques

Statistiques générales
  • Ce quiz a été pris 195 fois
  • Le résultat moyen est 18 sur 30
Statistiques - réponses
Indice Réponse % Correct
Tallinn en est la capitale Estonie
88%
Ingmar Bergman et Zlatan Ibrahimovic y sont nés Suède
86%
Pays à 3 capitales Afrique du sud
80%
Pays d'Andersen, père de la petite sirène Danemark
79%
Les habitants sont les trinidadiens Trinité-et-Tobago
78%
3ème pays le plus haut du monde dans l'Himalaya Népal
76%
Sanaa en est la capitale Yemen
76%
Premier vainqueur de la coupe du monde de football en 1930 Uruguay
75%
A notamment le Yemen pour pays frontalier Oman
70%
Pays entre les deux tropiques et dans les Andes Equateur
69%
Envahi par l'Irak en 1990 Koweit
69%
Tutsis y ont péri au cours d'un génocide en 1994 Rwanda
68%
Patrie d'Erling Haaland Norvège
64%
Pays ayant le plus de geysers au km2 Islande
63%
Le grand-duché Luxembourg
63%
E.Macron en est le co-prince Andorre
61%
Plus petite république du monde, en Océanie Nauru
61%
Pays d'Afrique ayant changé de nom en 2018 Eswatini
58%
Des Cornouailles aux Highland Royaume-Uni
55%
Sa capitale se nomme comme lui, mais avec "San" Salvador
52%
Ses joueurs de foot sont les Black Stars Ghana
50%
Doublement enclavé en Asie Ouzbékistan
50%
Ali et Foreman s'y sont affrontés en 1974 République démocratique du Congo
47%
Un pays de Bataves Pays-bas
43%
Ses parlementaires siègent à la Knesset Israël
41%
Abrite depuis 2014 le dernier grand prix de F1 de la saison Emirats arabes unis
39%
Pays d'Idi Amin Dada Ouganda
37%
Possède le plus haut taux de natalité du monde Niger
36%
Pays d'Afrique ayant le taux de suicide le plus élevé du monde Lesotho
27%
Le colonel Massoud y a été assassiné en 2001 Afganistan
10%
Aucun quiz correspondant
Distribution des résultats
% des personnes avec chaque résultat
Percentile par nombre de réponses
Votre historique - résultats
Vous n’avez pas pris ce quiz